[Event "Fuerstenfeld U18 op 6th"]
[Site "Fuerstenfeld"]
[Date "2023.07.22"]
[Round "4"]
[White "Brunner, Josephina Akiko"]
[Black "Karaagac, Deniz"]
[Result "1-0"]
[WhiteElo "1407"]
[BlackElo "1239"]
[PlyCount "71"]
[EventDate "2023.07.20"]
[EventType "swiss"]
[EventRounds "7"]
[EventCountry "AUT"]
[SourceTitle "CBM 215 Extra"]
[Source "ChessBase"]
[SourceDate "2023.09.30"]
[SourceVersion "1"]
[SourceVersionDate "2023.09.30"]
[SourceQuality "1"]

1. e4 e5 2. Nc3 Nf6 3. f4 d6 4. d4 exd4 5. Qxd4 Nc6 6. Qd2 Qe7 7. Qe2 Bg4 8. Nf3 Nd4 9. Qd3 Bxf3 10. gxf3 Ne6 11. Be3 Nh5 12. Qb5+ c6 13. Qxh5 g6 14. Qh3 Bg7 15. Bd2 0-0 16. 0-0-0 a5 17. f5 Nc7 18. Rg1 b5 19. fxg6 fxg6 20. Bg5 Qe8 21. Bh6 b4 22. Bxg7 Kxg7 23. Ne2 a4 24. Nd4 d5 25. Nf5+ Kh8 26. Nd6 Qe7 27. Rxg6 Rfd8 28. Nf5 Qe8 29. Rg7 h5 30. Rxc7 dxe4 31. Rxd8 Rxd8 32. Re7 Qg6 33. Rg7 Qe8 34. Qg3 exf3 35. Rh7+ Kxh7 36. Qg7# 1-0

[Event "Fuerstenfeld U18 op 6th"]
[Site "Fuerstenfeld"]
[Date "2023.07.22"]
[Round "5"]
[White "Fuertler, Oliver"]
[Black "Brunner, Josephina Akiko"]
[Result "1-0"]
[WhiteElo "1805"]
[BlackElo "1407"]
[PlyCount "155"]
[EventDate "2023.07.20"]
[EventType "swiss"]
[EventRounds "7"]
[EventCountry "AUT"]
[SourceTitle "CBM 215 Extra"]
[Source "ChessBase"]
[SourceDate "2023.09.30"]
[SourceVersion "1"]
[SourceVersionDate "2023.09.30"]
[SourceQuality "1"]

1. e4 c5 2. Nf3 a6 3. Nc3 e6 4. d4 cxd4 5. Nxd4 Qc7 6. Bd3 Nf6 7. Bg5 Be7 8. 0-0 0-0 9. Re1 e5 10. Nf5 d6 11. Nxe7+ Qxe7 12. Nd5 Qd8 13. Nxf6+ gxf6 14. Bh6 Kh8 15. Bxf8 Qxf8 16. Qd2 Nd7 17. Rad1 Nc5 18. Bc4 Be6 19. Bxe6 Nxe6 20. Qe3 Rd8 21. Qf3 Qg7 22. Qg3 Qxg3 23. hxg3 Kg8 24. Rd2 Kf8 25. Red1 Ke7 26. f3 h5 27. Kf2 Ng7 28. Rd3 f5 29. exf5 Nxf5 30. Rh1 Ng7 31. Rc3 Kd7 32. Rh4 Rb8 33. Rhc4 Ne6 34. Rh4 Ng7 35. g4 hxg4 36. Rxg4 Ne6 37. Rh4 Ke7 38. Rh7 Kf6 39. Rc4 Ke7 40. Rch4 Rc8 41. c3 Rc6 42. Ke3 Rc5 43. Rb4 Rc7 44. g3 Kf6 45. f4 exf4+ 46. gxf4 Kg6 47. Rh2 Kf6 48. Rd2 Ke7 49. Re4 Kd7 50. f5 Nd8 51. Rh2 Rc5 52. f6 Re5 53. Rxe5 dxe5 54. Rd2+ Kc7 55. Rxd8 Kxd8 56. Ke4 Kc7 57. Kxe5 b5 58. b3 a5 59. Kd5 Kd7 60. c4 bxc4 61. bxc4 a4 62. c5 a3 63. c6+ Kc7 64. Kc5 Kc8 65. Kd6 Kd8 66. c7+ Kc8 67. Ke7 Kxc7 68. Kxf7 Kb6 69. Kg7 Kb5 70. f7 Kc4 71. f8Q Kb5 72. Qxa3 Kb6 73. Qb4+ Ka6 74. Kf7 Ka7 75. Ke7 Ka6 76. Kd7 Ka7 77. Kc7 Ka6 78. Qb6# 1-0

[Event "AUT-ch U14 Girls"]
[Site "St Veit"]
[Date "2023.06.10"]
[Round "6"]
[White "Brunner, Josephina Akiko"]
[Black "Dakshina Murthy, Megha Varshini"]
[Result "1-0"]
[WhiteElo "1403"]
[BlackElo "954"]
[PlyCount "99"]
[EventDate "2023.06.08"]
[EventType "swiss"]
[EventRounds "7"]
[EventCountry "AUT"]
[SourceTitle "EXT 2024"]
[Source "ChessBase"]
[SourceDate "2023.10.10"]
[SourceVersion "1"]
[SourceVersionDate "2023.10.10"]
[SourceQuality "1"]

1. e4 e5 2. Nf3 Nc6 3. d4 exd4 4. Bc4 h6 5. Nxd4 Nf6 6. Nxc6 bxc6 7. Nc3 Bc5 8. e5 Nh7 9. 0-0 0-0 10. Qd3 d6 11. Qg3 dxe5 12. Qxe5 Bd6 13. Qe2 Nf6 14. h3 Re8 15. Qd3 Rb8 16. b3 Re7 17. Bf4 Re8 18. Rad1 Be7 19. Qg6 Bd7 20. Bxf7+ Kf8 21. Bxe8 Qxe8 22. Qxe8+ Bxe8 23. Bxc7 Rc8 24. Bd6 Bxd6 25. Rxd6 Bg6 26. Rd2 Re8 27. a4 a5 28. f4 Re7 29. f5 Bh7 30. g4 Kf7 31. Rd6 Re3 32. Rd3 Re7 33. Rfd1 g6 34. Rf3 g5 35. Kf2 Ne4+ 36. Nxe4 Rxe4 37. Re3 Rf4+ 38. Kg3 c5 39. Rd7+ Kf8 40. Rxh7 c4 41. Rc3 Re4 42. Rxc4 Rxc4 43. bxc4 Kg8 44. Ra7 Kf8 45. c5 Ke8 46. c6 Kd8 47. c7+ Kc8 48. c4 Kd7 49. f6 Ke8 50. c8Q# 1-0

[Event "AUT-ch U14 Girls"]
[Site "St Veit"]
[Date "2023.06.09"]
[Round "4"]
[White "Aboulenein Djamshidian, Kimia"]
[Black "Brunner, Josephina Akiko"]
[Result "1-0"]
[WhiteElo "1153"]
[BlackElo "1403"]
[PlyCount "165"]
[EventDate "2023.06.08"]
[EventType "swiss"]
[EventRounds "7"]
[EventCountry "AUT"]
[SourceTitle "EXT 2024"]
[Source "ChessBase"]
[SourceDate "2023.10.10"]
[SourceVersion "1"]
[SourceVersionDate "2023.10.10"]
[SourceQuality "1"]

1. d4 Nf6 2. Bf4 g6 3. c3 Bg7 4. Nd2 0-0 5. e4 d6 6. Ngf3 Re8 7. Be2 Nbd7 8. 0-0 e5 9. dxe5 dxe5 10. Be3 h6 11. h3 b6 12. Qc2 Bb7 13. Rad1 Qe7 14. c4 Nc5 15. Bd3 Rad8 16. Bxc5 Qxc5 17. Nb1 Nh5 18. Nc3 Nf4 19. b3 f5 20. Nh2 Nxd3 21. Rxd3 fxe4 22. Rxd8 Rxd8 23. Nxe4 Bxe4 24. Qxe4 Qd6 25. Nf3 c6 26. Re1 Re8 27. Nd4 c5 28. Nb5 Qd2 29. Re2 Qg5 30. Nxa7 Rf8 31. Nc6 Re8 32. Qd5+ Kh7 33. Qd7 Rf8 34. Nxe5 Rd8 35. Qg4 Rd1+ 36. Kh2 Bxe5+ 37. g3 Qxg4 38. hxg4 Bd4 39. Kg2 Rb1 40. Re7+ Bg7 41. Rb7 Ra1 42. a4 Ra2 43. Rxb6 Bd4 44. Rb7+ Kg8 45. Kf3 Rxf2+ 46. Ke4 Re2+ 47. Kd5 Re3 48. Rb6 Kf7 49. Rb7+ Kf6 50. a5 Re8 51. b4 Rd8+ 52. Kc6 cxb4 53. Rxb4 Ra8 54. Ra4 Ke5 55. a6 Ke6 56. c5 Rc8+ 57. Kb7 Rxc5 58. Rxd4 Ra5 59. a7 Rxa7+ 60. Kxa7 Ke5 61. Ra4 Kf6 62. Kb6 Kg5 63. Kc5 h5 64. gxh5 gxh5 65. Rh4 Kg6 66. Kd5 Kg5 67. Ke5 Kg6 68. Kf4 Kh6 69. g4 Kg6 70. Rxh5 Kg7 71. Rf5 Kg6 72. Ke5 Kg7 73. Rf6 Kh7 74. Ke6 Kg7 75. Ke7 Kg8 76. g5 Kg7 77. Ke8 Kg8 78. Rf7 Kh8 79. g6 Kg8 80. g7 Kh7 81. Kf8 Kh6 82. g8Q Kh5 83. Rh7# 1-0